000
00300nam a22001337a 4500
020
_a
9789351790518
082
_a
297.1226 KHA
100
_a
Khan, Maulana Wahiduddin
245
_a
Quranic Wisdom
260
_a
Noida
_b
Goodword Books
_c
2016
300
_a
352
650
_a
Quran-Theology
942
_c
BK
999
_c
20575
_d
20575